Library Banner

Fifty major economists (Record no. 28061)

MARC details
000 -LEADER
fixed length control field 00442nam a2200181Ia 4500
001 - CONTROL NUMBER
control field 27931
008 - FIXED-LENGTH DATA ELEMENTS--GENERAL INFORMATION
fixed length control field 140414s9999 xx 000 0 und d
020 ## - INTERNATIONAL STANDARD BOOK NUMBER
International Standard Book Number 0-415-13480-3
040 ## - CATALOGING SOURCE
Transcribing agency PK-LaUMT
082 ## - DEWEY DECIMAL CLASSIFICATION NUMBER
Classification number 330.0922
Item number PRE-F
100 ## - MAIN ENTRY--PERSONAL NAME
Personal name Steven Pressman
245 ## - TITLE STATEMENT
Title Fifty major economists
Statement of responsibility, etc Steven Pressman
260 ## - PUBLICATION, DISTRIBUTION, ETC. (IMPRINT)
Place of publication, distribution, etc London,UK:
Name of publisher, distributor, etc Routledge,
Date of publication, distribution, etc 1999
300 ## - PHYSICAL DESCRIPTION
Extent 207 p.
546 ## - LANGUAGE NOTE
Language note EN
650 ## - SUBJECT ADDED ENTRY--TOPICAL TERM
Topical term or geographic name as entry element Economics-History
942 ## - ADDED ENTRY ELEMENTS (KOHA)
Koha item type Books
Holdings
Withdrawn status Lost status Damaged status Not for loan Home library Current library Date acquired Total Checkouts Full call number Barcode Date last seen Date checked out Price effective from Koha item type
        UMT Main Campus UMT Main Campus 2014-04-14 1 330.0922 PRE-F 33628 2016-06-18 2016-03-29 2014-04-25 Books